Confessions of a mask
保存先:
| 第一著者: | |
|---|---|
| フォーマット: | 図書 |
| 言語: | 英語 |
| 出版事項: |
Londres
Tuttle
1970
|
| シリーズ: | Literature
|
| 主題: | |
| タグ: |
タグ追加
タグなし, このレコードへの初めてのタグを付けませんか!
|
MARC
| LEADER | 00000nam a2200000 a 4500 | ||
|---|---|---|---|
| 001 | UCI4236 | ||
| 003 | CL-VaPUC | ||
| 008 | 080104e19700000UK |||||||||||||||||eng|d | ||
| 020 | |a 4805302321 | ||
| 082 | 0 | 4 | |a 895.603 |b MIS |2 21 |
| 100 | |a Mishima, Yukio |e autor |9 405654 | ||
| 245 | 1 | 0 | |a Confessions of a mask |
| 300 | |a 255 p | ||
| 942 | |c BK | ||
| 945 | |d 20080104 00:00:00 |a cmena | ||
| 260 | |a Londres |b Tuttle |c 1970 | ||
| 650 | 7 | |a NOVELAS JAPONESAS |2 CL-VaPUC |9 526034 | |
| 650 | 0 | |a Literatura japonesa |9 266543 | |
| 583 | |a last modification |c 20080104 00:00:00 |k Rodrigo Vera | ||
| 490 | 0 | |a Literature | |
| 999 | |c 328205 |d 328203 | ||
| 952 | |0 0 |1 0 |4 0 |6 895_603000000000000_MIS_1970 |7 0 |8 A |9 412001 |a BIBGIM |b BIBGIM |d 2019-11-22 |i 4211944 |l 1 |o 895.603 MIS 1970 |p 4211944 |r 2025-03-06 |s 2025-03-06 |w 2019-11-22 |y BK |k ORI | ||